| 000 | 00839cam7a220020500 4500 | ||
|---|---|---|---|
| 001 | qce00597250 | ||
| 005 | 20190815094322.0 | ||
| 008 | 880412s1903 ii ab 000 0 eng d | ||
| 035 | _a(Sirsi) r32913 | ||
| 035 | _a(QCAT)lss05433163 | ||
| 035 | _a(UPRA)qce00597250 | ||
| 040 | _dUPRA | ||
| 110 | 1 |
_bCensus Commissioner. _6A96697.1 |
|
| 245 | 1 | 0 |
_aCensus of India : _bVolume I. India Ethnographic apendices, being the data upon which the caste chapter of the report is based / _cby H.H. Risley--. |
| 260 |
_aCalcutta : _bOffice of the Supt. of Govt. printing, _c1903. |
||
| 700 | 1 |
_aRisley, Herbert Hope, Sir, 1851-1911. _cRisley, Herbert Hope, Sir, 1851-1911. _dRisley, Herbert Hope, Sir, 1851-1911. _6A96698.1 |
|
| 949 |
_aGN635 _wlcc _i-38007 _mMAIN _tBOOK _lON-SHELF |
||
| 949 |
_aGN635 _wlcc _i-38008 _mMAIN _tBOOK _lON-SHELF |
||
| 004 | 32913 | ||
| 999 |
_c59424 _d59424 |
||